Jukebox Broadway Musicals - Sudden Death - Statistics

General Stats
  • This quiz has been taken 28 times
  • The average score is 10 of 18
Answers on the Grid
Answers color-coded by a green-red scale on the quiz's grid according to % correct below.
Jagged Little Pill
Jersey Boys
Beautiful
Rock of Ages
Moulin Rouge!
Mamma Mia!
& Juliet
The Boy from Oz
Crazy for You
American Idiot
Xanadu
Million Dollar Quartet
Buena Vista Social Club
Head Over Heels
On Your Feet!
Fela!
A Beautiful Noise
Hell's Kitchen
Beetlejuice
Shrek: The Musical
Memphis
Side Show
Legally Blonde
Real Women Have Curves
Six
The Greatest Showman
Lempicka
Hamilton
Dreamgirls
Ragtime
 
Answer Stats
Answer % Correct
Mamma Mia!
88%
American Idiot
79%
Moulin Rouge!
75%
Jagged Little Pill
71%
Rock of Ages
71%
Jersey Boys
67%
& Juliet
63%
A Beautiful Noise
58%
Buena Vista Social Club
54%
Hell's Kitchen
50%
Million Dollar Quartet
46%
The Boy from Oz
42%
Beautiful
38%
Head Over Heels
38%
On Your Feet!
38%
Xanadu
33%
Fela!
29%
Crazy for You
25%
No matching quizzes found
Score Distribution
Percent of People with Each Score
Percentile by Number Answered
Your Score History
You have not taken this quiz